Magnoria - Choix multiples - Statistiques

Statistiques générales
  • Ce quiz a été pris 9 fois
  • Le résultat moyen est 8 sur 10
Statistiques - réponses
Question Réponse % Correct
Quelle est la configuration spéciale de la ville, évitant ainsi que le mage du même nom ne détruise la ville sur son passage ? Configuration Gildarts
100%
Quel moyen de transport traverse la ville ? Gare
100%
Durant les 7 ans d'absences de Fairy Tail suite aux événements de l'île Tenrô, quelle guilde devient la guilde principale de la ville ? Twilight Ogre
100%
Quelle image représente la ville de Magnoria ?
83%
Quelle guilde manqua de détruire Magnoria durant la guerre qui l'opposa à Fairy Tail ? Phantom Lord
83%
Bien avant la naissance de Fairy Tail, quelle guilde occupait et terrifiait la ville ? Blue Skull
67%
Comment se nomme la cathédrale de la ville ? Cathédrale Kaldia
67%
Quelle événement se déroule tous les ans à Magnoria ? Fête des moissons
67%
Quelle ville portuaire est située à quelques dizaines de kilomètres de Magnoria ? Harujion
67%
Sur une carte de Fiore, où est située Magnoria ? Sud
33%
Aucun quiz correspondant
Distribution des résultats
% des personnes avec chaque résultat
Percentile par nombre de réponses
Votre historique - résultats
Vous n’avez pas pris ce quiz